GUIDE book on tree improvement of acacia mangium

Bibliographic Details
Format: Book
Published: Kota Kinabalu : Sabah Forestry Development Authority; Japan : Japan International Cooperation Agency , 1994
Subjects:

MARC

LEADER 00000cam a2200000 7i4500
001 0000001493
005 20020301.0
090 0 0 |a 634.973748GUI 1994 
245 0 0 |a GUIDE book on tree improvement of acacia mangium 
260 0 0 |a Kota Kinabalu :   |b Sabah Forestry Development Authority; Japan :   |b Japan International Cooperation Agency ,   |c 1994 
300 |a 26 p. :   |b ill. ;   |c 30 cm. 
650 0 0 |a Acacia 
650 0 0 |a Mangium 
998 |a JPSM 
999 |a 0000000241   |b Monograph   |c Open Shelf   |e Default branch